Central Library OPAC University of Rajshahi

Agricultural geography / (Record no. 73340)

MARC details
000 -LEADER
fixed length control field 00644nam a2200229 a 4500
001 - CONTROL NUMBER
control field 73340
003 - CONTROL NUMBER IDENTIFIER
rucl marc code BD-RjUL
005 - DATE AND TIME OF LATEST TRANSACTION
control field 20211209082402.0
008 - FIXED-LENGTH DATA ELEMENTS--GENERAL INFORMATION
fixed length control field 170530s1979 ii a|||| |||| 001 0 eng d
035 ## - SYSTEM CONTROL NUMBER
System control number (BD-RjUL)73558
040 ## - CATALOGING SOURCE
Original cataloging agency BD-RjUL
Language of cataloging eng
Transcribing agency BD-RjUL
041 ## - LANGUAGE CODE
Language code of text/sound track or separate title eng
082 ## - DEWEY DECIMAL CLASSIFICATION NUMBER
Edition number 23
Classification number 630
Author mark and year HUA 1979
100 10 - MAIN ENTRY--PERSONAL NAME
Personal name Husain, Majid
9 (RLIN) 216930
245 10 - TITLE STATEMENT
Title Agricultural geography /
Statement of responsibility, etc. Majid Husain
260 ## - PUBLICATION, DISTRIBUTION, ETC. (IMPRINT)
Place of publication, distribution, etc. New Delhi :
Name of publisher, distributor, etc. Indial Publication,
Date of publication, distribution, etc. 1979.
300 ## - PHYSICAL DESCRIPTION
Pagination vi, 232 p. :
Illustrations ill. ;
Size 23 cm.
500 ## - GENERAL NOTE
General note Includes indesx
650 ## - SUBJECT ADDED ENTRY--TOPICAL TERM
Topical term or geographic name as entry element Agricultural geography.
9 (RLIN) 117252
Topical term or geographic name as entry element Géographie agricole.
9 (RLIN) 159872
942 ## - ADDED ENTRY ELEMENTS (KOHA)
Source of classification or shelving scheme Dewey Decimal Classification
Koha item type Books
Holdings
Lost status Source of classification or shelving scheme Damaged status Not for loan Collection code Permanent Location Current Location Shelving location Date acquired Source of acquisition Cost, normal purchase price Total Checkouts Full call number Date last seen Copy number Koha item type
  Dewey Decimal Classification   Not For Loan Non-fiction Central Library, University of Rajshahi Central Library, University of Rajshahi Reading Room 30/07/1986 Karim International 70.00   630 HUA 1979 30/05/2017 C-1 Books